| 000 | 00746nam a2200253Ia 4500 | ||
|---|---|---|---|
| 003 | OSt | ||
| 005 | 20221005083038.0 | ||
| 006 | a|||||r|||| 00| 0 | ||
| 007 | ta | ||
| 008 | 221004b |||||||| |||| 00| 0 eng d | ||
| 024 | _a90511 | ||
| 037 | _cTextual | ||
| 040 |
_aCRL _cCRL _beng |
||
| 041 |
_2eng _aeng |
||
| 082 | _aV:76(Q3:330a24:33), L0 | ||
| 100 |
_aNagrajji Muni shri _9612328 |
||
| 245 | 0 | _aContempotaneity and the chronology of mahavira and buddha | |
| 260 |
_aNew Delhi _bToday and Tomorrow's Book Agency _c1970 |
||
| 500 | _aDSk Collection | ||
| 650 | _aHISTORY | ||
| 700 |
_a Litt D. _9401061 |
||
| 942 |
_hV:76(Q3:330a24:33), L0 _cTEXL _2cc |
||
| 999 |
_c990223 _d990223 |
||